000 00471cam a22001934a 4500
005 20250605164224.0
008 250528s ||||||||||||||||||||||||d
035 _a20777
020 _a9607105125
040 _aGR-AtMCL
_bgre
_dGR-AtMCL
_eAACR2
245 1 _aΗ ΕΡΜΗΝΕΙΑ ΤΩΝ ΟΝΕΙΡΩΝ
250 _a1
260 _bΕπικουρος,
_c1993
300 _a618
700 1 _aFreud Sigmund
_9241
942 _cBK
999 _c5860
_d5860